[Event "36th Reykjavik op"]
[Site "Reykjavik ISL"]
[Date "2023.03.30"]
[Round "3.85"]
[White "Mack, Andrew"]
[Black "Kjartansson, Dagur"]
[WhiteElo "2183"]
[BlackElo "1835"]
[Result "1-0"]
[EventDate "2023.03.29"]
[PlyCount "83"]

1. Nf3 d5 2. e3 Nf6 3. c4 c6 4. Nc3 g6 5. d4 Bg7 6. Be2 O-O 7. O-O Nbd7 8. cxd5 cxd5
9. Qb3 e6 10. Bd2 Nb6 11. a4 a5 12. Rfc1 Bd7 13. Ne5 Ne8 14. Nxd7 Nxd7 15. Nb5 Qb6
16. Qd1 Qd8 17. b4 b6 18. Rab1 Nb8 19. bxa5 bxa5 20. Qe1 Bf6 21. Bf3 e5 22. dxe5
Bxe5 23. Bc3 Nc6 24. Qd1 Nf6 25. Nd4 Nxd4 26. Bxd4 Qe7 27. g3 Bxd4 28. Qxd4 Rab8
29. Bxd5 Rbd8 30. e4 Rd7 31. Rc6 Ng4 32. f4 Qa3 33. Qc3 Qxa4 34. h3 Rxd5 35. exd5
Qa2 36. Qc2 Qxc2 37. Rxc2 Ne3 38. Rc5 a4 39. Ra1 Nf5 40. g4 Ng3 41. Rxa4 Rb8 42.
Kg2  1-0

[Event "36th Reykjavik op"]
[Site "Reykjavik ISL"]
[Date "2023.03.30"]
[Round "3.86"]
[White "Dasgupta, Avyukt"]
[Black "Sivakumar, Ashvin"]
[WhiteElo "1896"]
[BlackElo "2181"]
[Result "0-1"]
[EventDate "2023.03.29"]
[PlyCount "68"]

1. b3 c5 2. Bb2 Nc6 3. Nf3 d6 4. c4 e5 5. e3 Bg4 6. Be2 Nf6 7. O-O Qc7 8. a3 Be7
9. Nc3 O-O 10. Qc2 Rfe8 11. Rfd1 Rac8 12. d4 cxd4 13. Nb5 Qb8 14. exd4 a6 15. Nc3
Bxf3 16. Bxf3 Nxd4 17. Rxd4 exd4 18. Nd5 Nxd5 19. Bxd5 Bf6 20. Qd3 Qa7 21. a4 Rc7
22. a5 Rce7 23. Kf1 Qc5 24. g3 Re2 25. Bc1 Qb4 26. Bf4 Qc3 27. Rd1 Re1+ 28. Kg2 Rxd1
29. Qxd1 d3 30. Bd2 Qc2 31. Bf3 Bd4 32. Kf1 Re5 33. h4 Rxa5 34. Kg2 Ra1  0-1

[Event "36th Reykjavik op"]
[Site "Reykjavik ISL"]
[Date "2023.03.30"]
[Round "3.87"]
[White "Skarphedinsson, Ingvar Wu"]
[Black "Garbuz, Vitaliy"]
[WhiteElo "1882"]
[BlackElo "2155"]
[Result "0-1"]
[EventDate "2023.03.29"]
[PlyCount "88"]

1. d4 d5 2. Bf4 Nf6 3. e3 c5 4. c3 Nc6 5. Nd2 Bf5 6. Qb3 Qc8 7. Ngf3 c4 8. Qd1 e6
9. Be2 h6 10. h3 Be7 11. Ne5 Nxe5 12. Bxe5 b5 13. O-O O-O 14. Bf3 Qd8 15. Re1 Nd7
16. e4 Nxe5 17. dxe5 dxe4 18. Nxe4 Qb6 19. Qd7 Bh4 20. Qd2 Rad8 21. Qe2 Be7 22. Rad1
Qc7 23. Rxd8 Rxd8 24. Rd1 Qxe5 25. Rxd8+ Bxd8 26. Qd1 Bc7 27. Ng3 Bd3 28. Qd2 h5
29. h4 g6 30. Nf1 Qf6 31. Be2 Bxe2 32. Qxe2 Qxh4 33. Qf3 Bb6 34. g3 Qg5 35. Qe4 h4
36. g4 h3 37. Ne3 Qh4 38. Qf3 Bxe3 39. fxe3 f5 40. gxf5 gxf5 41. Qa8+ Kg7 42. Qxa7+
Kg6 43. Kh2 Qf2+ 44. Kxh3 f4  0-1

[Event "36th Reykjavik op"]
[Site "Reykjavik ISL"]
[Date "2023.03.30"]
[Round "3.88"]
[White "Krassel, Timofei"]
[Black "Kracht, Raphael"]
[WhiteElo "1880"]
[BlackElo "2145"]
[Result "0-1"]
[EventDate "2023.03.29"]
[PlyCount "100"]

1. e4 e5 2. Nf3 Nc6 3. Bb5 Nge7 4. O-O g6 5. c3 Bg7 6. d4 exd4 7. cxd4 a6 8. Bxc6
dxc6 9. h3 O-O 10. Nc3 h6 11. Qb3 Kh7 12. Bf4 b6 13. Rad1 f5 14. Be5 fxe4 15. Nxe4
Nf5 16. d5 c5 17. Bxg7 Nxg7 18. Rfe1 Bf5 19. Ne5 Bxe4 20. Rxe4 Qd6 21. Nc6 Rf5 22.
Re7 Raf8 23. Qc3 R8f7 24. Rxf7 Rxf7 25. Qe5 Qxe5 26. Nxe5 Re7 27. f4 g5 28. g3 Nh5
29. d6 cxd6 30. Rxd6 Nxg3 31. Rd7 Rxd7 32. Nxd7 Ne2+ 33. Kf1 Nxf4 34. Nxb6 Kg6 35.
Nd7 Nd3 36. b3 Kh5 37. Kg2 Kh4 38. Nb8 Nf4+ 39. Kh2 Nxh3 40. Nxa6 g4 41. Nxc5 g3+
42. Kh1 Kg4 43. Nd3 Kf3 44. Ne1+ Kf2 45. Ng2 h5 46. a4 h4 47. a5 Ke2 48. Ne3 Kxe3
49. Kg2 Nf4+ 50. Kg1 Kf3  0-1

[Event "36th Reykjavik op"]
[Site "Reykjavik ISL"]
[Date "2023.03.30"]
[Round "3.89"]
[White "Haraldsson, Sigurjon"]
[Black "Birkisson, Bardur Oern"]
[WhiteElo "1864"]
[BlackElo "2142"]
[Result "0-1"]
[EventDate "2023.03.29"]
[PlyCount "96"]

1. e4 e5 2. Nf3 Nc6 3. Bc4 Nf6 4. d3 Bc5 5. O-O a6 6. c3 Ba7 7. Be3 d6 8. h3 Na5
9. Nbd2 Bxe3 10. fxe3 Nxc4 11. Nxc4 Be6 12. Ncd2 O-O 13. Qe2 Qe7 14. b3 a5 15. Qf2
a4 16. b4 Rac8 17. Nh4 c5 18. b5 d5 19. Nf5 Bxf5 20. exf5 e4 21. dxe4 Nxe4 22. Nxe4
Qxe4 23. f6 Rfe8 24. Rae1 Qg6 25. Qd2 Re5 26. e4 dxe4 27. fxg7 Rce8 28. Re3 Qe6 29.
Qf2 a3 30. Qh4 Qxa2 31. Rf6 R5e6 32. Rxf7 Kxf7 33. Qxh7 Rg8 34. Qf5+ Ke8 35. Qxc5
Rxg7 36. Qc8+ Kf7 37. Rg3 Rxg3 38. Qc7+ Re7 39. Qxg3 Qb1+ 40. Kh2 Qd3 41. Qg4 Qd6+
42. Kg1 a2 43. Qh5+ Ke6 44. Qg4+ Kd5 45. Qg5+ Kc4 46. Qc1 Qd3 47. Qa3 Qb1+ 48. Kh2
a1=Q  0-1

[Event "36th Reykjavik op"]
[Site "Reykjavik ISL"]
[Date "2023.03.30"]
[Round "3.90"]
[White "Briem, Stephan"]
[Black "Eiriksson, Sigurdur"]
[WhiteElo "2142"]
[BlackElo "1798"]
[Result "1-0"]
[EventDate "2023.03.29"]
[PlyCount "61"]

1. d4 Nf6 2. c4 c5 3. d5 b5 4. Qc2 g6 5. e4 d6 6. cxb5 a6 7. Nc3 Bg7 8. Nf3 O-O 9.
a4 Nbd7 10. h3 axb5 11. Bxb5 Ba6 12. O-O Bxb5 13. Nxb5 Qb6 14. Nd2 Rfb8 15. Nc4 Qd8
16. Bd2 Nh5 17. Bc3 Bh6 18. g3 f6 19. Kg2 Ne5 20. b3 Nxc4 21. bxc4 Ng7 22. f4 Ne8
23. Qf2 Bg7 24. e5 f5 25. Rfe1 Nc7 26. Qd2 Na6 27. exd6 exd6 28. Bxg7 Kxg7 29. Qc3+
Kh6 30. g4 Qh4 31. g5+  1-0

[Event "36th Reykjavik op"]
[Site "Reykjavik ISL"]
[Date "2023.03.30"]
[Round "3.91"]
[White "Briem, Benedikt"]
[Black "Ingason, Sigurdur"]
[WhiteElo "2127"]
[BlackElo "1756"]
[Result "1-0"]
[EventDate "2023.03.29"]
[PlyCount "66"]

1. d4 d5 2. c4 c6 3. Nc3 Nf6 4. cxd5 cxd5 5. f3 Bf5 6. Bg5 Nbd7 7. e3 h6 8. Bh4 Qb6
9. Bb5 g5 10. Bf2 a6 11. Bxd7+ Bxd7 12. Nge2 Bg7 13. O-O O-O 14. Qd3 Bc6 15. a4 e6
16. Bg3 Nd7 17. Bd6 Rfe8 18. a5 Qd8 19. f4 Nf8 20. Bb4 f5 21. Ng3 Nh7 22. Nh5 Nf6
23. Nxf6+ Qxf6 24. Bc5 Qf7 25. b4 Qd7 26. Rfb1 Bb5 27. Nxb5 Qxb5 28. Qxb5 axb5 29.
Kf2 Rec8 30. Ke2 Rc6 31. Kd3 Bf6 32. fxg5 hxg5 33. g4 Kf7 ( 33... Kg7 34. Rf1 Rh8
35. Ra2 f4 36. Raf2 Rh3 37. Rf3 Rxf3 38. Rxf3 e5 39. dxe5 Bxe5 40. exf4 gxf4 41.
h4 Kf6 42. Ke2 Rc8 43. Rd3 Ke6 44. Kf3 Bd6 45. Bxd6 Kxd6 46. Kxf4 Rc4+ 47. Kf5 Rxb4
48. h5 Re4 49. h6 Re5+ 50. Kg6 Re6+ 51. Kg7 Re7+ 52. Kf8 Rh7 53. g5 Ke6 54. Kg8 Rd7
55. h7)  1-0

[Event "36th Reykjavik op"]
[Site "Reykjavik ISL"]
[Date "2023.03.30"]
[Round "3.92"]
[White "Adams, Henry"]
[Black "Loncke, Matthieu"]
[WhiteElo "1859"]
[BlackElo "2108"]
[Result "1-0"]
[EventDate "2023.03.29"]
[PlyCount "147"]

1. e4 c5 2. Nf3 d6 3. Bb5+ Bd7 4. Bxd7+ Nxd7 5. O-O Ngf6 6. Qe2 e6 7. Rd1 Be7 8.
Nc3 O-O 9. d4 cxd4 10. Nxd4 a6 11. a4 Rc8 12. a5 Qc7 13. f4 Rfd8 14. Be3 Bf8 15.
Nb3 Re8 16. Rd2 Nb8 17. Rad1 d5 18. exd5 exd5 19. Qf3 Bb4 20. Bd4 Nbd7 21. Qg3 Bf8
22. Qf3 Qc4 23. Kh1 Rc6 24. Bxf6 Rxf6 25. Rd4 Rfe6 26. h3 Qc8 27. Rxd5 Nf6 28. R5d3
Qc7 29. R1d2 Re1+ 30. Kh2 Bb4 31. g3 h5 32. Kg2 Qe7 33. Nd4 Bxa5 34. Re2 Rxe2+ 35.
Ncxe2 Bb6 36. c3 Ba7 37. Rd2 g6 38. Rd3 Kg7 39. g4 hxg4 40. hxg4 Bb8 41. Ng3 Qc7
42. g5 Ng8 43. f5 Qxg3+ 44. Qxg3 Bxg3 45. f6+ Nxf6 46. gxf6+ Kxf6 47. Kxg3 Re7 48.
Kf3 Kg5 49. Ne2 Re5 50. Rd7 Rf5+ 51. Kg3 Rb5 52. b4 Kf6 53. Nd4 Rb6 54. Rc7 Kg7 55.
Nb3 Rb5 56. Nc5 a5 57. Rxb7 Rxb7 58. Nxb7 axb4 59. cxb4 Kf6 60. Kf4 Ke6 61. Ke4 f5+
62. Kd4 g5 63. Nc5+ Kd6 64. Nd3 Kc6 65. Kc4 Kb6 66. b5 g4 67. Nf4 g3 68. Ng2 Kb7
69. Kc5 Kc7 70. b6+ Kb7 71. Kb5 Kb8 72. Kc6 Kc8 73. b7+ Kb8 74. Nf4  1-0

[Event "36th Reykjavik op"]
[Site "Reykjavik ISL"]
[Date "2023.03.30"]
[Round "3.93"]
[White "Johansson, Jukka"]
[Black "Kasims, Stefans"]
[WhiteElo "2106"]
[BlackElo "1753"]
[Result "1/2-1/2"]
[EventDate "2023.03.29"]
[PlyCount "82"]

1. d4 Nf6 2. c4 g6 3. Nc3 Bg7 4. e4 d6 5. h3 Nbd7 6. Be3 e5 7. d5 h5 8. Qd2 Nc5 9.
f3 a5 10. Bg5 Bd7 11. Nge2 Qb8 12. Nc1 a4 13. Nd3 b6 (13... b5) 14. Be2 Ng8 15. O-O
f5 16. Nxc5 bxc5 17. f4 exf4 18. Bd3 Nh6 19. Bxf4 Qb4 20. a3 Qb3 21. Bg5 Bd4+ 22.
Kh1 Ng4 23. exf5 Bxf5 24. Bxf5 gxf5 25. Rae1+ Ne5 26. Bf6 Rg8 27. Nb5 Qg3 28. Nxd4
cxd4 29. Rxf5 Kd7 30. Bxe5 dxe5 31. Rfxe5 Raf8 32. Re7+ Kc8 33. Rg1 Rf2 34. Qe1 Rxg2
35. Qxg3 R2xg3 36. Re8+ Rxe8 37. Rxg3 Re2 38. Rd3 Rxb2 39. Rxd4 Rb3 40. c5 Rxh3+
41. Kg2 Rxa3  1/2-1/2

[Event "36th Reykjavik op"]
[Site "Reykjavik ISL"]
[Date "2023.03.30"]
[Round "3.94"]
[White "Van Staden, Mildo"]
[Black "Murphy, Hugh"]
[WhiteElo "1856"]
[BlackElo "2100"]
[Result "1/2-1/2"]
[EventDate "2023.03.29"]
[PlyCount "114"]

1. e4 c6 2. d4 d5 3. Nd2 dxe4 4. Nxe4 Nf6 5. Ng3 h5 6. h4 c5 7. Nf3 Nc6 8. c3 Bg4
9. Be2 cxd4 10. cxd4 e6 11. O-O Be7 12. Qa4 O-O 13. Rd1 Qa5 14. Qxa5 Nxa5 15. Bg5
Rfd8 16. Ne5 Bxe2 17. Nxe2 Nd5 18. Bxe7 Nxe7 19. Nf4 g6 20. Rac1 Rac8 21. Rxc8 Rxc8
22. d5 Rd8 23. d6 Nec6 24. Nxc6 bxc6 (24... Nxc6) 25. b4 Nc4 26. Rc1 Ne5 27. Rc5
f6 28. Nxe6 Rxd6 29. Nf4 Rd4 30. Ne6 Rxb4 31. g3 Ra4 32. Nd8 Rxa2 33. Nxc6 Nxc6 34.
Rxc6 Kf7 35. Kg2 a5 36. Ra6 a4 37. Kf3 a3 38. Kg2 Ra1 39. Kf3 Ke7 40. Kg2 a2 41.
Kf3 Kd7 42. Kf4 Kc7 43. Kf3 Kb7 44. Ra3 Kc6 45. Ra6+ Kd5 46. Ra5+ Kd4 47. Ra4+ Kd3
48. Ra8 Kd2 49. Kg2 g5 50. Rd8+ Kc3 51. Rc8+ Kd4 52. Ra8 gxh4 53. gxh4 f5 54. Kf3
Kd3 55. Rd8+ Kc2 56. Ra8 Kd2 57. Kg2 Kd3  1/2-1/2

[Event "36th Reykjavik op"]
[Site "Reykjavik ISL"]
[Date "2023.03.30"]
[Round "3.95"]
[White "Hagevi, Vidar"]
[Black "Chilton, James I"]
[WhiteElo "2054"]
[BlackElo "1722"]
[Result "0-1"]
[EventDate "2023.03.29"]
[PlyCount "77"]

1. e4 c5 2. Nc3 e6 3. g3 d5 4. exd5 exd5 5. d4 Nf6 6. Bg5 cxd4 7. Qxd4 Nc6 8. Qa4
Bb4 9. Nge2 O-O 10. Bg2 Bxc3+ 11. Nxc3 Re8+ 12. Kf1 h6 13. Bxf6 Qxf6 14. Rd1 d4 15.
Ne4 Qg6 16. Re1 Bf5 17. f3 Re5 18. Kf2 Rae8 19. Rhf1 b5 20. Qa3 Be6 21. b3 b4 22.
Qc1 Bd7 23. Kg1 Ra5 24. f4 Ne7 25. Qd2 Qb6 26. a4 Nf5 27. Kh1 Bc6 28. Qd3 Ne3 29.
f5 Ree5 30. Rf4 Nxg2 31. Kxg2 Qb7 32. Kf3 g5 33. fxg6 fxg6 34. Qxd4 g5 35. Rg4 h5
36. Kf2 Rf5+ (36... Bd5 37. Kg1 hxg4) 37. Kg1 hxg4 38. Nf6+ Rxf6 39. Qxf6  0-1

[Event "36th Reykjavik op"]
[Site "Reykjavik ISL"]
[Date "2023.03.30"]
[Round "3.96"]
[White "Ostensson, Julia"]
[Black "Tulendinov, Dinmukhammed"]
[WhiteElo "1822"]
[BlackElo "2048"]
[Result "0-1"]
[EventDate "2023.03.29"]
[PlyCount "72"]

1. e4 c5 2. Nf3 e6 3. c3 d5 4. exd5 Qxd5 5. d4 Nc6 6. Nbd2 cxd4 7. Bc4 Qd8 8. O-O
dxc3 9. bxc3 Nf6 10. Qe2 Be7 11. Rd1 Qc7 12. Nb3 O-O 13. Nbd4 a6 14. Be3 b5 15. Bd3
Bb7 16. c4 b4 17. Bg5 Rad8 18. Bc2 Nxd4 19. Nxd4 Qc5 20. Be3 Qe5 21. f4 Qc7 22. Rac1
Bc5 23. Nb3 Bxe3+ 24. Qxe3 Qc6 25. Qh3 g6 26. Bb1 Rxd1+ 27. Rxd1 Qxc4 28. Qe3 Qc6
29. Qe2 Nd5 30. Nd4 Nxf4 31. Nxc6 Nxe2+ 32. Kf2 Bxc6 33. Kxe2 Bxg2 34. Rd6 Bd5 35.
Kd2 Ra8 36. h4 a5  0-1

[Event "36th Reykjavik op"]
[Site "Reykjavik ISL"]
[Date "2023.03.30"]
[Round "3.97"]
[White "Grose, Kameron"]
[Black "Holand, Per Fredrik"]
[WhiteElo "1800"]
[BlackElo "2026"]
[Result "0-1"]
[EventDate "2023.03.29"]
[PlyCount "148"]

1. e4 c5 2. Nf3 d6 3. d4 cxd4 4. Nxd4 Nf6 5. Nc3 Nc6 6. Bg5 e6 7. Qd2 a6 8. O-O-O
Bd7 9. Kb1 Be7 10. f3 Nxd4 11. Qxd4 Qc7 12. g4 h5 13. Be2 hxg4 14. fxg4 Bc6 15. Bf3
b5 16. h4 Rc8 17. Rd2 a5 18. h5 e5 19. Qd3 b4 20. Nb5 Bxb5 21. Qxb5+ Qc6 22. Qd3
Nd7 23. Bxe7 Kxe7 24. Rhd1 Nb6 25. Qxd6+ Qxd6 26. Rxd6 Nc4 27. Rd7+ Kf6 28. Rg1 g5
29. Be2 Ne3 30. Rg3 Ke6 31. Rd2 Nc4 32. Rd1 Nd6 33. Bd3 Rh6 34. Rf3 Ke7 35. b3 Rc5
36. Kb2 Nb7 37. Rf5 f6 38. Rf2 Nd8 39. Bc4 Nc6 40. Rf5 a4 41. Rd3 Rh8 42. Rd2 a3+
43. Kc1 Ra5 44. Rdf2 Rh6 45. Rd2 Ra7 46. Rf3 Nd4 47. Rfd3 Kd6 48. Rf2 Kc5 49. Rd1
Rd7 50. Rdf1 Rd6 51. Bf7 Rh7 52. Bc4 Rh6 53. Kb1 Kc6 54. Bf7 Kd7 55. Bd5 Ke7 56.
Rd2 f5 57. gxf5 Rxh5 58. Rd3 Rh2 59. Rc1 Ne2 60. Rf1 Nc3+ 61. Kc1 Nxa2+ 62. Kb1 Nc3+
63. Kc1 Ra6 64. Bc4 a2 65. Kb2 a1=Q+ 66. Rxa1 Rxa1 67. Kxa1 Rxc2 68. f6+ Kxf6 69.
Rd6+ Ke7 70. Ra6 g4 71. Bd3 Rd2 72. Bc4 g3 73. Re6+ Kd8 74. Rg6 Ra2#  0-1

[Event "36th Reykjavik op"]
[Site "Reykjavik ISL"]
[Date "2023.03.30"]
[Round "3.98"]
[White "Horan, George"]
[Black "Gkogkas, Dimitrios"]
[WhiteElo "1729"]
[BlackElo "2015"]
[Result "1/2-1/2"]
[EventDate "2023.03.29"]
[PlyCount "66"]

1. d4 Nf6 2. c4 c5 3. d5 e5 4. Nc3 d6 5. e4 Nbd7 6. f4 exf4 7. Bxf4 Be7 8. h3 O-O
9. Nf3 Nh5 10. Qd2 Nxf4 11. Qxf4 Qb6 12. Qd2 Bf6 13. g4 Ne5 14. Nxe5 Bxe5 15. Bd3
a6 16. O-O Bd7 17. Rf3 Qc7 18. Kh1 Rab8 19. Raf1 b5 20. b3 bxc4 21. Bxc4 Bb5 22.
Bxb5 axb5 23. Rf5 Qe7 24. Nd1 c4 25. bxc4 bxc4 26. Qf2 g6 27. Rf3 Rbc8 28. Nc3 Rb8
29. a4 Rb3 30. Nb5 Rxf3 31. Qxf3 Rc8 32. Nc3 Qa7 33. Kg2 Qc5  1/2-1/2

[Event "36th Reykjavik op"]
[Site "Reykjavik ISL"]
[Date "2023.03.30"]
[Round "3.99"]
[White "Verweij, Kees"]
[Black "Bjarnason, Snorri Vikanes"]
[WhiteElo "2010"]
[BlackElo "1676"]
[Result "1/2-1/2"]
[EventDate "2023.03.29"]
[PlyCount "77"]

1. Nf3 c5 2. g3 Nf6 3. c4 g6 4. Bg2 d5 5. cxd5 Nxd5 6. O-O Bg7 7. d4 cxd4 8. Nxd4
O-O 9. Nb5 a6 10. Qxd5 Qxd5 11. Bxd5 axb5 12. Nc3 Rd8 13. Bb3 Bh3 14. Rd1 Rxd1+ 15.
Nxd1 Nc6 16. Be3 Nd4 17. Bxd4 Bxd4 18. Rc1 Be5 19. Rc5 Bd6 20. Rxb5 Rb8 21. Bd5 b6
22. Nc3 Bd7 23. Rb3 Kf8 24. Kg2 f5 25. e3 b5 26. Bf3 b4 27. Nd5 e6 28. Nf4 g5 29.
Rd3 Ke7 30. Nh5 Be5 31. Rd2 b3 32. axb3 Rxb3 33. Bd1 Bc6+ 34. Kg1 Rxb2 35. Rxb2 Bxb2
36. g4 Be5 37. gxf5 exf5 38. f4 gxf4 39. Nxf4  1/2-1/2

[Event "36th Reykjavik op"]
[Site "Reykjavik ISL"]
[Date "2023.03.30"]
[Round "3.100"]
[White "Striskova, Lucia"]
[Black "Brade, Henry"]
[WhiteElo "2002"]
[BlackElo "1668"]
[Result "1/2-1/2"]
[EventDate "2023.03.29"]
[PlyCount "106"]

1. Nf3 d5 2. g3 Nf6 3. Bg2 c5 4. O-O Nc6 5. d3 e6 6. Nbd2 Be7 7. e4 dxe4 8. dxe4
Qc7 9. c3 O-O 10. Qe2 Ng4 11. h3 Nge5 12. Nh2 Ng6 13. f4 f6 14. Nb3 a6 15. Be3 b6
16. a4 a5 17. Rfd1 Ba6 18. Qg4 f5 19. Qf3 Bb7 20. e5 Rab8 21. Qe2 Nd8 22. Rd2 Bxg2
23. Qxg2 b5 24. axb5 Rxb5 25. Nc1 c4 26. Ne2 Nc6 27. Ra4 Bc5 28. Bxc5 Rxc5 29. Nd4
Nxd4 30. Rxd4 Rc8 31. Qe2 Qc6 32. Ra2 Rd5 33. Nf3 h6 34. Kf2 Ne7 35. Rxd5 Qxd5 36.
Qd2 Qb5 37. Nd4 Qc5 38. Kf1 Kf7 39. Qe2 Rh8 40. Ra4 Qd5 41. Qf3 Ra8 42. Ke2 Rb8 43.
Ra2 a4 44. Kd2 Qxf3 45. Nxf3 Nd5 46. Kc1 Ra8 47. Nd4 g5 48. Ne2 Ne3 49. Kd2 Nf1+
50. Ke1 Ne3 51. Kd2 Nf1+ 52. Ke1 Ne3 53. Kd2 Nf1+  1/2-1/2

[Event "36th Reykjavik op"]
[Site "Reykjavik ISL"]
[Date "2023.03.30"]
[Round "3.101"]
[White "Kalla, Christian"]
[Black "Carr, Jay"]
[WhiteElo "1994"]
[BlackElo "1663"]
[Result "1-0"]
[EventDate "2023.03.29"]
[PlyCount "59"]

1. e4 c5 2. c3 Nf6 3. e5 Nd5 4. d4 cxd4 5. Nf3 e6 6. cxd4 Be7 7. Nc3 Nxc3 8. bxc3
Qc7 9. Bd2 d6 10. Bd3 Nd7 11. exd6 Bxd6 12. Qe2 b6 13. O-O Bb7 14. Rfe1 h6 15. Ne5
Nxe5 16. dxe5 Bc5 17. Bb5+ Bc6 18. Qc4 Rc8 19. Bxc6+ Qxc6 20. Qg4 g6 21. Rad1 Be7
22. Be3 h5 23. Qf4 O-O 24. Bd4 Rfd8 25. Rd3 Rc7 26. Rf3 Bf8 27. Rh3 Qd5 28. g4 hxg4
29. Qxg4 Qxa2 30. Qh4  1-0

[Event "36th Reykjavik op"]
[Site "Reykjavik ISL"]
[Date "2023.03.30"]
[Round "3.102"]
[White "Pozimski, Szymon"]
[Black "Eythorsson, Engilbert Vidar"]
[WhiteElo "1972"]
[BlackElo "1442"]
[Result "1-0"]
[EventDate "2023.03.29"]
[PlyCount "137"]

1. c4 e5 2. e3 c6 3. d4 exd4 4. Qxd4 d5 5. cxd5 cxd5 6. Nc3 Nf6 7. Nf3 Nc6 8. Bb5
Be6 9. Qa4 Qc7 10. O-O Bd6 11. Be2 a6 12. Nb5 Qd8 13. Nxd6+ Qxd6 14. b3 Ne4 15. Qa3
O-O 16. Qxd6 Nxd6 17. Ba3 Rfd8 18. Rfd1 Ne4 19. Rac1 Rac8 20. Kf1 h6 21. h3 b5 22.
Bd3 Nf6 23. Bb1 b4 24. Bb2 Nd7 25. Bd3 a5 26. Ba6 Rc7 27. Be5 Ndxe5 28. Nxe5 Rd6
29. Bb5 Na7 30. Rxc7 Nxb5 31. Rcc1 Nc3 32. Rd2 Bc8 33. Ke1 Ba6 34. g3 Ne4 35. Rc6
Rxc6 36. Nxc6 Nxd2 37. Kxd2 Bb7 38. Nxa5 Ba8 39. Kd3 Kf8 40. Kd4 Ke7 41. Kc5 Kd7
42. Kxb4 Kd6 43. Kc3 f5 44. b4 g5 45. Kd4 h5 46. h4 g4 47. b5 f4 48. b6 fxg3 49.
fxg3 Bc6 50. b7 Bxb7 51. Nxb7+ Ke6 52. Nc5+ Kd6 53. Nd3 Ke6 54. Nf4+ Kd6 55. Nxh5
Ke6 56. Nf6 Kd6 57. h5 Ke7 58. Nxg4 Kf7 59. Ke5 d4 60. exd4 Kg7 61. a4 Kh7 62. a5
Kg7 63. a6 Kh7 64. a7 Kg7 65. a8=Q Kh7 66. Nf6+ Kh6 67. Kf5 Kg7 68. Qg8+ Kh6 69.
Qg6#  1-0

[Event "36th Reykjavik op"]
[Site "Reykjavik ISL"]
[Date "2023.03.30"]
[Round "3.103"]
[White "Tan, Jimmy"]
[Black "Grigoriev, Dmitriy"]
[WhiteElo "1715"]
[BlackElo "1969"]
[Result "0-1"]
[EventDate "2023.03.29"]
[PlyCount "94"]

1. d4 Nf6 2. Nf3 d5 3. e3 Bf5 4. c4 e6 5. Nc3 c6 6. Qb3 Qc8 7. Be2 Bd6 8. h3 Nbd7
9. Bd2 h6 10. Rc1 O-O 11. cxd5 exd5 12. O-O Re8 13. Nh4 Bh7 14. a4 Rb8 15. Nf3 Bc7
16. Qd1 Ne4 17. b4 Nxd2 18. Nxd2 Nf6 19. b5 Qe6 20. Nf3 Bf5 21. Bd3 Bxh3 22. gxh3
Qxh3 23. Re1 Ng4 24. Rc2 Bh2+ 25. Nxh2 Nxh2 26. f4 Nf3+ 27. Kf2 Nxe1 28. Qxe1 c5
29. dxc5 d4 30. Nd1 dxe3+ 31. Nxe3 Qh4+ 32. Kf1 Qh1+ 33. Kf2 Qh4+ 34. Kf1 Qxf4+ 35.
Rf2 Qxe3 36. Qxe3 Rxe3 37. Bc4 Re7 38. Bd5 Rc8 39. c6 bxc6 40. Bxc6 g6 41. a5 Rb8
42. Rd2 Kg7 43. Rd6 h5 44. a6 Kh6 45. Rd7 Rxd7 46. Bxd7 f5 47. Bc6 Rb6  0-1

[Event "36th Reykjavik op"]
[Site "Reykjavik ISL"]
[Date "2023.03.30"]
[Round "3.104"]
[White "Nilsson, Oliver"]
[Black "Haberecht, Paul"]
[WhiteElo "1955"]
[BlackElo "1412"]
[Result "1-0"]
[EventDate "2023.03.29"]
[PlyCount "53"]

1. e4 c5 2. Nf3 g6 3. c3 d5 4. exd5 Qxd5 5. d4 Bg7 6. Na3 cxd4 7. Nb5 Na6 8. Nbxd4
Nf6 9. Bb5+ Bd7 10. Bxa6 bxa6 11. O-O O-O 12. Qe2 Qd6 13. Rd1 Rfe8 14. Be3 Qb6 15.
Nf5 Qb7 16. Nxg7 Kxg7 17. Ne5 Be6 18. Rd4 Qb5 19. c4 Qb7 20. Rad1 Rab8 21. b3 Rec8
22. h3 a5 23. Bf4 Qb6 24. Ng4 Rb7 25. Bh6+ Kh8 26. Nxf6 exf6 27. Qf3  1-0

[Event "36th Reykjavik op"]
[Site "Reykjavik ISL"]
[Date "2023.03.30"]
[Round "3.105"]
[White "Winter, Kevin"]
[Black "Kristinsson, Ogmundur"]
[WhiteElo "1680"]
[BlackElo "1937"]
[Result "0-1"]
[EventDate "2023.03.29"]
[PlyCount "80"]

1. e4 e5 2. Nf3 Nc6 3. Be2 Nf6 4. d3 d5 5. Nbd2 b6 6. c3 Bb7 7. Qc2 g6 8. O-O Bg7
9. Re1 O-O 10. a4 a5 11. Bf1 Re8 12. b3 Qd7 13. h3 Rad8 14. Ba3 Nh5 15. Rad1 f5 16.
exd5 Qxd5 17. d4 Kh8 18. Bc4 Qd7 19. Ng5 h6 20. Nf7+ Kh7 21. Nxd8 Qxd8 22. d5 Nb8
23. Nf3 Nd7 24. Bb5 Nf4 25. Bc6 Bc8 26. Bc1 Nh5 27. c4 Re7 28. Ba3 Nc5 29. Bxc5 bxc5
30. Kh1 Qd6 31. Ng1 e4 32. Ne2 Be5 33. Nc3 Qf6 34. Ne2 Bd6 35. Rg1 f4 36. Rdf1 Bf5
37. Qd2 Qh4 38. f3 Bxh3 39. Qe1 Ng3+ 40. Qxg3 fxg3  0-1

[Event "36th Reykjavik op"]
[Site "Reykjavik ISL"]
[Date "2023.03.30"]
[Round "3.109"]
[White "Beuger, Ronald"]
[Black "Bruchmann, Stephan"]
[WhiteElo "1754"]
[BlackElo "2185"]
[Result "0-1"]
[EventDate "2023.03.29"]
[PlyCount "42"]

1. Nf3 Nc6 2. g3 e5 3. d3 d5 4. Bg2 f6 5. Nbd2 Be6 6. a3 Qd7 7. e4 d4 8. b4 a5 9.
b5 Na7 10. a4 c6 11. Nc4 Nc8 12. Rb1 cxb5 13. axb5 Qc7 14. Nfxe5 fxe5 15. Qh5+ g6
16. Qxe5 Qxe5 17. Nxe5 Bb4+ 18. Ke2 Nb6 19. Nf3 Bg4 20. h3 Bxf3+ 21. Bxf3 Rc8  0-1

[Event "36th Reykjavik op"]
[Site "Reykjavik ISL"]
[Date "2023.03.30"]
[Round "3.110"]
[White "Shundi, Matias"]
[Black "Agustsson, Hafsteinn"]
[WhiteElo "2145"]
[BlackElo "1762"]
[Result "1-0"]
[EventDate "2023.03.29"]
[PlyCount "65"]

1. e4 c5 2. Nf3 Nc6 3. d4 cxd4 4. Nxd4 Nf6 5. Nc3 e5 6. Ndb5 d6 7. Nd5 Nxd5 8. exd5
Nb8 9. a4 Be7 10. Be2 O-O 11. O-O Nd7 12. Kh1 f5 13. f4 a6 14. Na3 Nc5 15. fxe5 dxe5
16. Nc4 Bf6 17. Be3 Ne4 18. Nb6 f4 19. Bg1 Bh4 20. Ra3 Ng3+ 21. Rxg3 Bxg3 22. Nxa8
Qh4 23. d6 Bd7 24. Qd5+ Kh8 25. Qxe5 Rxa8 26. Qh5 Rf8 27. b3 Bc6 28. Qxh4 Bxh4 29.
Bf3 Bxf3 30. Rxf3 Bd8 31. g3 g5 32. gxf4 Kg8 33. f5  1-0

[Event "36th Reykjavik op"]
[Site "Reykjavik ISL"]
[Date "2023.03.30"]
[Round "3.111"]
[White "Hasala, Richard"]
[Black "Van Kessel, Wessel"]
[WhiteElo "1750"]
[BlackElo "2137"]
[Result "0-1"]
[EventDate "2023.03.29"]
[PlyCount "90"]

1. e4 c5 2. Ne2 e6 3. d4 cxd4 4. Nxd4 a6 5. Be2 Nf6 6. e5 Qa5+ 7. c3 Qxe5 8. O-O
Nc6 9. Re1 Qc7 10. Bg5 Be7 11. Bf3 O-O 12. Nd2 d5 13. Nxc6 bxc6 14. c4 Bb7 15. Qc2
Rac8 16. Rac1 Qd8 17. Nf1 Nd7 18. Bf4 Bg5 19. Bxg5 Qxg5 20. Ne3 Ne5 21. Qd1 Rfd8
22. c5 a5 23. Ng4 Nxg4 24. Bxg4 Ba6 25. Be2 Bxe2 26. Qxe2 Rb8 27. Rc3 d4 28. Rg3
Qxc5 29. Rd1 g6 30. h4 Rd5 31. Rh3 Qb5 32. Qg4 h5 33. Qe4 Qxb2 34. Rg3 Rf5 35. Rf1
c5 36. f3 Qxa2 37. Rg5 Qd5 38. Rxf5 Qxe4 39. fxe4 gxf5 40. exf5 exf5 41. Rxf5 c4
42. Rxa5 c3 43. Kf2 c2 44. Rc5 d3 45. Ke3 Rb1  0-1